Score 0/26 Timer 09:00
0 Plays Today
Year Founded Sorority % Correct
1870Kappa Kappa Gamma
95.3%
1888Delta Delta Delta
95.3%
1885Alpha Chi Omega
89.1%
1895Chi Omega
89.1%
1897Kappa Delta
89.1%
1870Kappa Alpha Theta
87.5%
1872Alpha Phi
87.5%
1867Pi Beta Phi
85.9%
1873Delta Gamma
85.9%
1852Phi Mu
84.4%
1851Alpha Delta Pi
82.8%
1898Zeta Tau Alpha
79.7%
1897Alpha Omicron Pi
78.1%
Year Founded Sorority % Correct
1898Sigma Sigma Sigma
78.1%
1902Delta Zeta
75%
1874Gamma Phi Beta
71.9%
1874Sigma Kappa
71.9%
1917Sigma Delta Tau
67.2%
1913Phi Sigma Sigma
67.2%
1893Alpha Xi Delta
65.6%
1901Alpha Sigma Alpha
64.1%
1909Alpha Epsilon Phi
62.5%
1904Alpha Gamma Delta
59.4%
1917Delta Phi Epsilon
59.4%
1899Alpha Sigma Tau
50%
1912Theta Phi Alpha
40.6%
Remove Ads.
Support Sporcle.
Get the best of Sporcle when you Go Orange. This ad-free experience offers more features, more stats, and more fun while also helping to support Sporcle. Thank you for becoming a member.

You're not logged in!

Compare scores with friends on all Sporcle quizzes.
OR
Log In

You Might Also Like...

Show Comments

Extras

Created Feb 21, 2012SourceReportNominate
Tags:Sorority

Top Quizzes Today


Score Distribution

Your Account Isn't Verified!

In order to create a playlist on Sporcle, you need to verify the email address you used during registration. Go to your Sporcle Settings to finish the process.

Report this User

Report this user for behavior that violates our Community Guidelines.

Details: